|
|
|
|
| LEADER |
00000nab a2200000 a 4500 |
| 001 |
vtls000632764 |
| 003 |
SK-MaSNL |
| 005 |
20260311010104.0 |
| 008 |
250425c1995 xo 0 slo |
| 015 |
|
|
|a SNBRA19rr/mm-uuuuu
|
| 035 |
|
|
|a CL0632903
|
| 035 |
|
|
|a urn:nbn:sk:snk-abbr2c
|
| 035 |
|
|
|a (urnnbn)urn:nbn:sk:snk:ar-000es3
|
| 035 |
|
|
|a (uuid)34f8f017-03df-4a39-a986-f358251c6804
|
| 040 |
|
|
|a SNKBUCL
|b slo
|c SNKBUCL
|e AACR2
|
| 041 |
0 |
|
|a slo
|
| 044 |
|
|
|a xo
|c SK
|
| 080 |
|
|
|a 59:069.51:069.6.02(437.6):5
|2 1981
|
| 080 |
|
|
|a 069.51
|2 1981
|
| 080 |
|
|
|a 069.6.02(437.6):5
|2 1981
|
| 100 |
1 |
|
|a Okáli, Ilja,
|d 1934-2002
|4 aut
|9 109204
|
| 245 |
1 |
0 |
|a List of the Type Specimens in the Collections of the Slovak National Museum - Museum of Natural History, Bratislava. Supplement 1
|c Ilja Okáli
|
| 300 |
|
|
|b Res. angl., lit. 19 zázn.
|
| 610 |
2 |
7 |
|a Prírodovedné múzeum (Bratislava, Slovensko)
|2 snkbucl
|9 33708
|
| 650 |
0 |
7 |
|a zoológia
|2 snkbucl
|9 699
|
| 655 |
|
7 |
|a články zo zborníkov
|2 snkbucl
|9 166140
|
| 773 |
0 |
|
|t Zborník Slovenského národného múzea. Prírodné vedy 41/1995
|d Bratislava : Slovenské národné múzeum, 1995
|g S. 77-80
|z 8090049818
|
| 850 |
|
|
|a Slovenská národná knižnica
|
| 852 |
|
|
|a Slovenská národná knižnica
|
| 954 |
|
|
|a odborná, vedecká literatúra pôvodná (slovenská)
|2 lita
|
| 957 |
|
|
|a 5100
|
| 958 |
|
|
|a article15
|
| 958 |
|
|
|a OND
|
| 958 |
|
|
|a SK
|
| 958 |
|
|
|a NB
|
| 958 |
|
|
|a RK
|
| 958 |
|
|
|a EUIPO
|
| 992 |
|
|
|a RZB
|
| 999 |
|
|
|c 2814799
|d 2816729
|